000 01482nam0a2200361 4500
001 RU\NLR\BIBL_A\022574742
005 20260420050132.0
010 _a978-5-04-206022-9
_92000
021 _aRU
_bКН-П-25-025848
_9КН-П-25-2574
035 _a(NLR Aleph) 022574742
090 _a13676199
_c13676199
100 _a20250626d2025 u y0rusy50 ca
101 0 _arus
102 _aRU
105 _aac z 000yy
181 0 _ai3
_baxxe
182 0 _an
200 1 _aLOUNA. Грязные гастроли
_eкнига о закулисье рок-сцены 2010-х
_fВладимир Еркович
203 _aТекст
_bвизуальный
_cнепосредственный
205 _aДоп. обновл. изд.
210 _aМосква
_cЭксмо, Бомбора
_d2025
215 _a486, [1] с., [16] л. ил., цв. ил., портр.
_cил.
_d22
225 1 _aГерои поколения: истории звезд русского рока
333 _a18+
601 0 2 _a"Louna", российская рок-группа
_cМосква, город
_92419368
_3RU\NLR\AUTH\6601659623
686 1 _aЩ364.13(2Р)7-68"Louna"
700 1 _aЕркович
_bВ. А.
_gВладимир Александрович
712 0 2 _4570
_a"Louna", российская рок-группа
_cМосква
_9670161
_3RU\NLR\AUTH\880505127
942 _cBOOK
980 _aNB